| 000 | 00598nam a2200193Ia 4500 | ||
|---|---|---|---|
| 005 | 20250423100347.0 | ||
| 008 | 250422s9999 xx 000 0 und d | ||
| 020 | _a0-201-75572-6 | ||
| 050 | _aPE 1128 .F46/ | ||
| 100 | _aFerree, Tess | ||
| 245 | 0 | _aNorthStar : listening and speaking, high intermediate | |
| 250 | _a2nd ed. | ||
| 260 | _aWhite Plains | ||
| 260 | _bLongman | ||
| 260 | _c2003 | ||
| 300 | _a253 p | ||
| 650 | _aEnglish language_ Textbooks for foreign speakers English language_ Spoken English_ Problems, exercises, etc Listening_ Problems, exercises, etc... | ||
| 942 | _cBK | ||
| 999 |
_c33072 _d33072 |
||